000
00291nam a22001337a 4500
008
170324b xxu||||| |||| 00| 0 eng d
020
_a
9781609139629
041
_a
eng
080
_2
3 ED
_a
611
100
_a
6
101
_a
SHM
245
_a
SECTIONAL ANATOMY
_c
MADDEN.M.E
942
_2
udc
_c
BK
999
_c
8645
_d
8645